Biology of desert invertebrates
Guardat en:
| Autor principal: | |
|---|---|
| Format: | Llibre |
| Idioma: | anglès |
| Publicat: |
Berlín
Springer
1981
|
| Matèries: | |
| Etiquetes: |
Afegir etiqueta
Sense etiquetes, Sigues el primer a etiquetar aquest registre!
|
MARC
| LEADER | 00000nam a2200000 a 4500 | ||
|---|---|---|---|
| 001 | UCW0416 | ||
| 003 | CL-VaPUC | ||
| 005 | 20211028074315.0 | ||
| 008 | 890328e19810000GW |||||||||||||||||eng|d | ||
| 999 | |c 215588 |d 215586 | ||
| 040 | |c Pontificia Universidad Católica de Valparaíso | ||
| 082 | 0 | 4 | |a 592.09 CRA 1981 |2 21 |
| 100 | 0 | |a Crawford, Clifford S |9 304332 | |
| 245 | 1 | 0 | |a Biology of desert invertebrates |
| 260 | |a Berlín |b Springer |c 1981 | ||
| 300 | |a 314 páginas | ||
| 583 | |a last modification |c 19890328 00:00:00 |k Rodrigo Vera | ||
| 650 | 0 | |a Invertebrados |9 261302 | |
| 650 | 7 | |a FAUNA DE DESIERTOS |2 CL-VaPUC |9 269577 | |
| 942 | |c BK |2 ddc | ||
| 945 | |d 19890328 00:00:00 | ||
| 952 | |0 0 |1 0 |2 ddc |4 0 |6 592_090000000000000_CRA_1981 |7 0 |8 A |9 199973 |a BIBCUR |b BIBCUR |d 2019-11-14 |i 3193772 |o 592.09 CRA 1981 |p 3193772 |r 2025-04-22 |t 1 |w 2019-11-14 |y BK |k BIO | ||